000 00820nam a2200265 a 4500
001 3532892
003 OSt
005 20140310182241.0
008 960528r19961995enk 000 1 eng
010 _a 96153236
020 _a0552996254
035 _a(Uk)0552996254
_z(Uk)c899381978
035 _a(CStRLIN)UKBPGB9639019-B
040 _aDLC
_cDLC
050 0 0 _aPR 6069.T52
_b.St864 1996
082 0 0 _aFIC
_bSt6 1995
100 1 _aStockdale, F. M.
_q(Freddie M.)
_919075
245 1 0 _aAffairs of state /
_cFreddie Stockdale.
260 _aLondon :
_bBlack Swan,
_c1996.
300 _a254 p. :
_c20 cm.
906 _a7
_bcbc
_corignew
_d3
_encip
_f19
_gy-gencatlg
942 _2lcc
_cBK-FIC
999 _c11138
_d11138